000 00770nam a22002177a 4500
005 20111102115627.0
010 _aG-001586
020 _c80.00
_a9788186198506
035 1 d _aG-001586
037 _bGift
082 _a954.0841
100 _aGandhi, M.K.
_9893
245 _aHind Swaraj or Indian home rule /
_cby M.K. Gandhi
260 _aNew Delhi
_bGandhi Hindustani Sahitya Sabha
_c2009
270 _aGandhi Hindustani Sahitya Sabha, Rajghat,
_bNew Delhi
_e110002
300 _a114p.
_c24cm(Hb)
500 _aIncludes index
942 _2ddc
_cEN
_h954.0841
_mGAN
999 _c57973
_d57973